000 00667nam a2200181 a 4500
001 000032903
005 20240229073829.0
008 110801s1924 dr 000 0 spa d
040 _aDO-SdBNP
_bspa
_cBNPHU
082 _axxx
_bH519g
100 1 _aHenríquez i Carvajal, Federico,
_d1848-1952
_97792
245 1 0 _aGuarocuya :
_bel monologo de Enriquillo /
_cFederico Henríquez i Carvajal.
260 _aSanto Domingo :
_bImprenta Montalvo,
_c1924.
300 _a52 p. ;
_c22 cm.
500 _aLeyenda quisqueyana
586 _aPrimer premio en los Juegos Florales Hispono-Dominicanos en el día de la raza, de Colón i de América, octubre 12 de 1924
049 _aBNPD
999 _c32394
_d32394